| 000 | 01036nam a2200229 i 4500 | ||
|---|---|---|---|
| 001 | 30225 | ||
| 003 | ES-MaACL | ||
| 005 | 20250726063032.0 | ||
| 007 | t| | ||
| 008 | 030124s1865 sp ||||1| spa d | ||
| 080 | _a016(460.25) | ||
| 100 | 1 |
_aBarrantes, Vicente, _d1829-1898 _925851 |
|
| 245 | 1 | 0 |
_aCatálogo razonado y crítico de los libros, memorias y papeles, impresos y manuscritos que tratan de las provincias de Extremadura : _basí tocante a su historia, religión y geografía, como a sus antigüedades, nobleza y hombres célebres / _ccompuestpor por Vicente Barrantes. |
| 260 |
_aMadrid : _bM. Rivadeneyra, _c1865. |
||
| 300 |
_aVIII, 320 p. ; _c28 cm. |
||
| 500 | _aObra premiada por la Biblioteca Nacional en el concurso público de 1862. | ||
| 530 | _aDisponible en formato digital. | ||
| 651 | 4 |
_aExtremadura- _vBibliografías críticas. _9163141 |
|
| 852 |
_aES-MaACL _jB-2949 |
||
| 856 |
_uhttp://bdh-rd.bne.es/viewer.vm?id=0000123942&page=1 _zBiblioteca Digital Hispánica |
||
| 999 |
_c30225 _d30225 |
||